000 01239cam a2200169 4500500
005 20260222004201.0
041 _afre
042 _adc
100 1 0 _aDevos, Valérie
_eauthor
700 1 0 _aTaskin, Laurent
_eauthor
245 0 0 _aGestion par les compétences et nouvelles formes d'organisation du temps et de l'espace
260 _c2005.
500 _a37
520 _aPartant du constat que l’individualisation se développe dans les organisations, tant au niveau des pratiques de gestion que des valeurs organisationnelles, l’article établit le lien entre cette tendance et deux pratiques spécifiques de gestion des ressources humaines: la gestion par les compétences et la gestion du temps et de l’espace de travail. Ainsi, les fondements de ces pratiques sont identifiés et permettent de relever quelques paradoxes, stigmates d’un système entier de gestion. Cet article évoque l’enjeu de ces outils de gestion, basés entre autres sur l’adhésion des travailleurs, à savoir : le contrôle de l’autonomie.
786 0 _nRevue française de gestion | 156 | 3 | 2005-06-01 | p. 93-104 | 0338-4551
856 4 1 _uhttps://shs.cairn.info/revue-francaise-de-gestion-2005-3-page-93?lang=fr&redirect-ssocas=7080
999 _c1668123
_d1668123